Statistics for Tintin Countries Visited Map

Click here to take the quiz!

General Stats

  • This quiz has been taken 1,799 times
    (429 since last reset)
  • The average score is 15 of 25

Answers on the Map

Answers color-coded by a green-red scale on the quiz's map according to % correct below.
 

Answer Stats

Countries% Correct
United States
99%
Peru
90%
United Kingdom
89%
Russia
87%
China
86%
France
84%
Democratic Republic of the Congo
83%
India
78%
Australia
76%
Germany
73%
Belgium
72%
Indonesia
72%
Egypt
71%
Italy
70%
Iceland
63%
Saudi Arabia
62%
Morocco
53%
Switzerland
52%
Nepal
38%
Syldavia
24%
Borduria
21%
Czech Republic
20%
San Theodoros
12%
Khemed
9%
Nuevo Rico
5%

Score Distribution

Percentile by Number Answered

Percent of People with Each Score

Your Score History

You have not taken this quiz since the last reset